000
00245nam a22001097a 4500
041
_a
eng
080
_a
80
100
_a
Миланова, Д. Э.
245
_a
Шведско-русский словарь.
650
_a
Reference
999
_c
280700
_d
280700
942
_c
BK